[Event "NED-ch 2002"]
[Site "Leeuwarden"]
[Date "2002.06.20"]
[Round "1"]
[White "Nijboer, Friso"]
[Black "Ernst, Sipke"]
[Result "1/2-1/2"]
[WhiteElo "2578"]
[BlackElo "2462"]
[PlyCount "77"]
[EventDate "2002.06.20"]
[Source "ChessBase"]
[SourceDate "2002.09.20"]

1. e4 e5 2. Nf3 Nf6 3. Nxe5 d6 4. Nf3 Nxe4 5. d4 d5 6. Bd3 Be7 7. O-O Nc6 8. c4
Nb4 9. Be2 O-O 10. Nc3 Bf5 11. a3 Nxc3 12. bxc3 Nc6 13. Re1 Re8 14. Bf4 dxc4
15. Bxc4 Bd6 16. Rxe8+ Qxe8 17. Bxd6 cxd6 18. Ng5 Bg6 19. h4 h6 20. h5 Bxh5 21.
Qxh5 hxg5 22. Kf1 Qd7 23. Re1 d5 24. Bd3 g6 25. Qxg5 Kg7 26. Bb5 Rh8 27. Kg1
Qd6 28. g3 Rh5 29. Qe3 Rh8 30. Bf1 Qxa3 31. Rb1 b6 32. Bb5 Qd6 33. Bxc6 Qxc6
34. Qe5+ Kg8 35. Re1 Qxc3 36. Qe8+ Kg7 37. Qe5+ Kg8 38. Qe8+ Kg7 39. Qe5+
1/2-1/2

[Event "NED-ch 2002"]
[Site "Leeuwarden"]
[Date "2002.06.20"]
[Round "1"]
[White "Tiviakov, Sergei"]
[Black "Reinderman, Dimitri"]
[Result "1-0"]
[WhiteElo "2625"]
[BlackElo "2537"]
[PlyCount "65"]
[EventDate "2002.06.20"]
[Source "ChessBase"]
[SourceDate "2002.09.20"]

1. e4 e6 2. d4 d5 3. Nd2 dxe4 4. Nxe4 Nd7 5. Bd3 Ngf6 6. Qe2 c5 7. Nxf6+ Nxf6
8. dxc5 Bxc5 9. Nf3 O-O 10. O-O b6 11. Bf4 Bb7 12. Rad1 Qc8 13. Ne5 Nd5 14. Bg3
Nb4 15. Be4 Bxe4 16. Qxe4 Rd8 17. a3 Nd5 18. c4 Nf6 19. Rxd8+ Qxd8 20. Qb7 Qf8
21. Nxf7 Bd4 22. Ng5 Re8 23. b4 a5 24. Nf3 Bc3 25. Qxb6 e5 26. Qxa5 e4 27. Ne5
Ra8 28. Qb5 Rxa3 29. c5 h5 30. Qc4+ Kh7 31. Nf7 Kg6 32. Nd6 Qe7 33. Nb5 1-0

[Event "NED-ch 2002"]
[Site "Leeuwarden"]
[Date "2002.06.20"]
[Round "1"]
[White "Van Wely, Loek"]
[Black "Janssen, Ruud"]
[Result "1-0"]
[WhiteElo "2642"]
[BlackElo "2469"]
[PlyCount "65"]
[EventDate "2002.06.20"]
[Source "ChessBase"]
[SourceDate "2002.09.20"]

1. d4 Nf6 2. c4 e6 3. Nc3 Bb4 4. e3 c5 5. Nge2 cxd4 6. exd4 O-O 7. a3 Be7 8.
Nf4 d6 9. Be3 e5 10. dxe5 dxe5 11. Nfd5 Nc6 12. Bd3 Ng4 13. Nxe7+ Qxe7 14. Nd5
Qh4 15. Bc5 Rd8 16. g3 Qh3 17. Bf1 Qh6 18. h3 Be6 19. Bg2 Nf6 20. Be3 Qg6 21.
O-O Bxd5 22. cxd5 e4 23. d6 Ne8 24. Qd5 Nxd6 25. Bf4 Ne7 26. Qb3 Nef5 27. Rfd1
Qf6 28. Rd5 h5 29. Rad1 g5 30. Be5 Qe6 31. Bxe4 Ne7 32. Bxd6 Rxd6 33. Qxb7 1-0

[Event "NED-ch 2002"]
[Site "Leeuwarden"]
[Date "2002.06.20"]
[Round "1"]
[White "Van der Wiel, John"]
[Black "Van den Doel, Erik"]
[Result "0-1"]
[WhiteElo "2509"]
[BlackElo "2583"]
[PlyCount "144"]
[EventDate "2002.06.20"]
[Source "ChessBase"]
[SourceDate "2002.09.20"]

1. e4 e5 2. Nf3 Nc6 3. d4 exd4 4. Nxd4 Bc5 5. Nxc6 Qf6 6. Qd2 dxc6 7. Nc3 Qe7
8. Qg5 Nf6 9. Be3 Bd6 10. Bd4 O-O 11. O-O-O h6 12. Qh4 Ng4 13. Qxe7 Bxe7 14. f3
Bg5+ 15. Kb1 Ne3 16. Re1 Nxf1 17. Rhxf1 Bf4 18. Ne2 Bd6 19. e5 Be7 20. f4 c5
21. Be3 b6 22. f5 Re8 23. Nf4 Bd8 24. Nh5 Ba6 25. Rg1 Rxe5 26. Bxh6 Rxe1+ 27.
Rxe1 gxh6 28. Re8+ Kh7 29. Nf6+ Bxf6 30. Rxa8 Bf1 31. Rxa7 Be5 32. g3 Kg7 33.
a4 Kf6 34. a5 bxa5 35. Rxa5 Bd6 36. Kc1 Bh3 37. Kd2 Bxf5 38. c3 Kg5 39. Ke3 h5
40. Kf3 Bg4+ 41. Kg2 f5 42. Ra8 Bd1 43. Rh8 Bb3 44. Kf2 Bd5 45. Rh7 c4 46. Rg7+
Kf6 47. Rh7 Kg6 48. Rd7 Bc5+ 49. Ke2 c6 50. Rd8 Kg5 51. Rd7 Bg1 52. h4+ Kg4 53.
Rg7+ Kh3 54. Rg5 Kg2 55. Rxf5 Be6 56. Rf6 Bg4+ 57. Kd2 c5 58. Rf4 Kxg3 59. Rxc4
Kxh4 60. b4 cxb4 61. cxb4 Kg3 62. Ke1 Bf2+ 63. Kf1 Bh3+ 64. Ke2 Bd7 65. Rc7
Bb5+ 66. Kd2 h4 67. Rg7+ Kf3 68. Rf7+ Kg2 69. Rf5 Bd7 70. Rg5+ Bg3 71. b5 h3
72. b6 Bc6 {A nice performance by the black BB.} 0-1

[Event "NED-ch 2002"]
[Site "Leeuwarden"]
[Date "2002.06.21"]
[Round "2"]
[White "Ernst, Sipke"]
[Black "Reinderman, Dimitri"]
[Result "1-0"]
[WhiteElo "2462"]
[BlackElo "2537"]
[PlyCount "79"]
[EventDate "2002.06.20"]
[Source "ChessBase"]
[SourceDate "2002.09.20"]

1. d4 Nf6 2. c4 e5 3. dxe5 Ng4 4. Nf3 Nc6 5. Bf4 Bb4+ 6. Nbd2 Qe7 7. a3 Ngxe5
8. Nxe5 Nxe5 9. Bxe5 Bxd2+ 10. Qxd2 Qxe5 11. g3 O-O 12. Bg2 d6 13. f4 Qc5 14.
b4 Qxc4 15. Rc1 Qa6 16. Rxc7 Qxa3 17. O-O Qa6 18. Kh1 Qb6 19. Rfc1 Rb8 20. Qc2
g6 21. Bd5 Bf5 22. Qc4 Kg7 23. Qc3+ Kh6 24. g4 Bxg4 25. Rg1 Bf5 26. Rg3 Rbe8
27. e4 Qf2 28. Rg2 Bxe4 29. Bxe4 Qxf4 30. Bxb7 Re3 31. Qd2 Rfe8 32. Rg1 d5 33.
Rc2 d4 34. Qf2 Qe5 35. Rd2 f5 36. Qh4+ Kg7 37. Qf2 Rb8 38. Bc6 Rxb4 39. Bg2 a5
40. Bc6 1-0

[Event "NED-ch 2002"]
[Site "Leeuwarden"]
[Date "2002.06.21"]
[Round "2"]
[White "Janssen, Ruud"]
[Black "Van der Wiel, John"]
[Result "1-0"]
[WhiteElo "2469"]
[BlackElo "2509"]
[PlyCount "53"]
[EventDate "2002.06.20"]
[Source "ChessBase"]
[SourceDate "2002.09.20"]

1. d4 Nf6 2. c4 e6 3. Nf3 b6 4. e3 Bb7 5. Bd3 d5 6. O-O Be7 7. Nc3 O-O 8. cxd5
exd5 9. b3 Nbd7 10. Bb2 Re8 11. Rc1 Bf8 12. Ne2 c6 13. Ng3 g6 14. Ne5 Nxe5 15.
dxe5 Nd7 16. f4 Bc5 17. Qf3 Qe7 18. Kh1 Ba3 19. Bxa3 Qxa3 20. Qg4 Nc5 21. Bb1
Qb4 22. Nh5 a5 23. Nf6+ Kg7 24. Qh4 Rh8 25. Ng4 Nd7 26. Qh6+ Kg8 27. Bf5 {
a nice finish.} 1-0

[Event "NED-ch 2002"]
[Site "Leeuwarden"]
[Date "2002.06.21"]
[Round "2"]
[White "Sokolov, Ivan"]
[Black "Tiviakov, Sergei"]
[Result "1/2-1/2"]
[WhiteElo "2647"]
[BlackElo "2625"]
[PlyCount "38"]
[EventDate "2002.06.20"]
[Source "ChessBase"]
[SourceDate "2002.09.20"]

1. d4 Nf6 2. c4 e6 3. Nf3 b6 4. Nc3 Bb7 5. Qc2 c5 6. dxc5 Bxc5 7. Bg5 O-O 8. e3
Be7 9. Be2 Na6 10. O-O Nc5 11. Nd2 d5 12. Rfd1 Rc8 13. Bf3 dxc4 14. Nxc4 Qe8
15. Bxb7 Nxb7 16. Qe2 Nd5 17. Nxd5 Bxg5 18. Nc3 Be7 19. a4 Rd8 1/2-1/2

[Event "NED-ch 2002"]
[Site "Leeuwarden"]
[Date "2002.06.21"]
[Round "2"]
[White "Van den Doel, Erik"]
[Black "Jonkman, Harmen"]
[Result "1-0"]
[WhiteElo "2583"]
[BlackElo "2520"]
[PlyCount "83"]
[EventDate "2002.06.20"]
[Source "ChessBase"]
[SourceDate "2002.09.20"]

1. e4 e5 2. Nf3 Nc6 3. Bb5 Nf6 4. O-O Nxe4 5. d4 Nd6 6. Bxc6 dxc6 7. dxe5 Nf5
8. Qxd8+ Kxd8 9. Nc3 Ne7 10. Nd4 c5 11. Nf3 a6 12. Be3 b6 13. Rfd1+ Ke8 14. a4
Bb7 15. a5 Nf5 16. axb6 cxb6 17. Nd5 Bxd5 18. Rxd5 Be7 19. Bf4 g6 20. Kf1 h6
21. Ke2 Ng7 22. Nd2 Ne6 23. Be3 Bd8 24. Ne4 Bc7 25. f4 Ke7 26. Nf6 Rhd8 27.
Rad1 Rxd5 28. Nxd5+ Kf8 29. g4 Bd8 30. f5 Nd4+ 31. Bxd4 cxd4 32. Rxd4 Rc8 33.
Kd3 Ke8 34. Rc4 Rxc4 35. Kxc4 gxf5 36. gxf5 Kd7 37. Kd4 Kc6 38. f6 Kd7 39. Ke4
b5 40. b4 a5 41. bxa5 Bxa5 42. Nf4 1-0

[Event "NED-ch 2002"]
[Site "Leeuwarden"]
[Date "2002.06.22"]
[Round "3"]
[White "Jonkman, Harmen"]
[Black "Janssen, Ruud"]
[Result "1/2-1/2"]
[WhiteElo "2520"]
[BlackElo "2469"]
[PlyCount "86"]
[EventDate "2002.06.20"]
[Source "ChessBase"]
[SourceDate "2002.09.20"]

1. e4 c5 2. c3 e6 3. d4 d5 4. e5 Nc6 5. Nf3 Bd7 6. Be2 f6 7. O-O Qb6 8. b3 fxe5
9. dxe5 Nh6 10. Bf4 Nf7 11. Re1 Be7 12. h4 O-O-O 13. c4 d4 14. Nbd2 Rdg8 15.
Ne4 h6 16. h5 g5 17. Bg3 Rg7 18. a3 g4 19. Nh2 Ncxe5 20. b4 Bc6 21. bxc5 Bxc5
22. Rb1 Qa5 23. Bxg4 Nxg4 24. Nxg4 Be7 25. c5 Rd8 26. Ne5 Nxe5 27. Bxe5 Rgg8
28. f3 Rd5 29. Nd6+ Bxd6 30. Bxd6 Rdg5 31. Rb2 Qc3 32. Rf2 Kd7 33. Be5 Qxc5 34.
Bxd4 Qd5 35. Bxa7 Ke7 36. Qxd5 Rxd5 37. g4 Rxh5 38. Rfe2 Bd5 39. Bc5+ Kf7 40.
Re3 Rhg5 41. Rc3 Rc8 42. Kf2 h5 43. Rg1 hxg4 1/2-1/2

[Event "NED-ch 2002"]
[Site "Leeuwarden"]
[Date "2002.06.22"]
[Round "3"]
[White "Tiviakov, Sergei"]
[Black "Van den Doel, Erik"]
[Result "1-0"]
[WhiteElo "2625"]
[BlackElo "2583"]
[PlyCount "83"]
[EventDate "2002.06.20"]
[Source "ChessBase"]
[SourceDate "2002.09.20"]

1. e4 e5 2. Nf3 Nc6 3. d4 exd4 4. Nxd4 Bc5 5. Nxc6 Qf6 6. Qd2 dxc6 7. Nc3 Qe7
8. Qg5 Nf6 9. Be3 Bd6 10. Bd4 O-O 11. O-O-O h6 12. Qh4 b5 13. Bd3 Nd7 14. Qxe7
Bxe7 15. f4 Nc5 16. Bxc5 Bxc5 17. Rhe1 f6 18. f5 Bd6 19. g3 Re8 20. Ne2 Bd7 21.
Nf4 c5 22. c4 a6 23. Kc2 Bc6 24. Ne6 Re7 25. Rd2 Rae8 26. Rde2 Rxe6 27. fxe6
Be5 28. Rd2 Rxe6 29. cxb5 axb5 30. a4 bxa4 31. Bc4 Kf7 32. Bxe6+ Kxe6 33. Rd8
Bd6 34. Rg8 Kf7 35. Rb8 Ke6 36. Kd3 Ke5 37. Rg8 g5 38. Rh8 Bb5+ 39. Kc3 Ke6 40.
Rxh6 Be5+ 41. Kc2 c4 42. Rh8 1-0

[Event "NED-ch 2002"]
[Site "Leeuwarden"]
[Date "2002.06.23"]
[Round "4"]
[White "Ernst, Sipke"]
[Black "Sokolov, Ivan"]
[Result "0-1"]
[WhiteElo "2462"]
[BlackElo "2647"]
[PlyCount "62"]
[EventDate "2002.06.20"]
[Source "ChessBase"]
[SourceDate "2002.09.20"]

1. d4 d5 2. c4 c6 3. Nf3 Nf6 4. e3 Bf5 5. Nc3 e6 6. Nh4 Be4 7. f3 Bg6 8. Qb3
Qc7 9. Bd2 Be7 10. Nxg6 hxg6 11. Rc1 Nbd7 12. h3 Nb6 13. cxd5 exd5 14. Kd1 a5
15. Na4 Nxa4 16. Qxa4 O-O 17. Rc2 Bb4 18. Bc1 Qg3 19. Bd3 Rfc8 20. Qb3 c5 21.
dxc5 Nd7 22. c6 Rxc6 23. Rxc6 Qxg2 24. Rf1 bxc6 25. Qc2 Qxh3 26. Qxc6 Rd8 27.
Qc7 Rf8 28. Rf2 Nc5 29. Bf1 Qf5 30. a3 Rc8 31. Qf4 Nd3 0-1

[Event "NED-ch 2002"]
[Site "Leeuwarden"]
[Date "2002.06.23"]
[Round "4"]
[White "Janssen, Ruud"]
[Black "Tiviakov, Sergei"]
[Result "0-1"]
[WhiteElo "2469"]
[BlackElo "2625"]
[PlyCount "98"]
[EventDate "2002.06.20"]
[Source "ChessBase"]
[SourceDate "2002.09.20"]

1. d4 Nf6 2. c4 e6 3. Nf3 b6 4. e3 Bb7 5. Bd3 d5 6. O-O Nbd7 7. b3 Bd6 8. Bb2
O-O 9. Nc3 dxc4 10. bxc4 e5 11. Nd2 exd4 12. exd4 Re8 13. h3 Nf8 14. Nb5 Bf4
15. Nf3 Ng6 16. Re1 Rxe1+ 17. Nxe1 Qd7 18. d5 c6 19. dxc6 Qxc6 20. Nd4 Qc7 21.
Qc2 Re8 22. Rd1 Bh2+ 23. Kh1 Nf4 24. Nef3 Nxd3 25. Qxd3 Bf4 26. Nb5 Qe7 27.
Bxf6 Qxf6 28. Nc3 Bb8 29. Nd5 Qd6 30. Kg1 h6 31. a4 Bc6 32. Qc2 Qc5 33. Kf1 Qa3
34. Re1 Bxa4 35. Qf5 Rxe1+ 36. Nxe1 Qc5 37. Qe4 Bd6 38. Nd3 Qc6 39. f4 Qe8 40.
Qd4 Bf8 41. f5 Bc2 42. f6 Bxd3+ 43. Qxd3 Qe5 44. fxg7 Bc5 45. g4 Kxg7 46. Kg2
a5 47. Kf3 a4 48. Nf4 a3 49. Nh5+ Kf8 0-1

[Event "NED-ch 2002"]
[Site "Leeuwarden"]
[Date "2002.06.23"]
[Round "4"]
[White "Nijboer, Friso"]
[Black "Jonkman, Harmen"]
[Result "0-1"]
[WhiteElo "2578"]
[BlackElo "2520"]
[PlyCount "108"]
[EventDate "2002.06.20"]
[Source "ChessBase"]
[SourceDate "2002.09.20"]

1. e4 e5 2. Nf3 Nc6 3. Bb5 Nf6 4. O-O Nxe4 5. d4 Nd6 6. Bxc6 dxc6 7. dxe5 Nf5
8. Qxd8+ Kxd8 9. Nc3 Ne7 10. Ne4 Ng6 11. Re1 h6 12. Bd2 Bg4 13. Nd4 Nxe5 14.
Bc3 Nc4 15. a4 c5 16. Ne2 b6 17. Nf6 Bd7 18. a5 Kc8 19. Nh5 Rg8 20. axb6 cxb6
21. Nef4 Bc6 22. Nd3 Nd6 23. Ne5 Kb7 24. Re3 Nf5 25. Rd3 f6 26. Nxc6 Kxc6 27.
g4 Nd6 28. Re1 Nb5 29. Ng3 c4 30. Re6+ Kc7 31. Rd5 Nxc3 32. bxc3 Bc5 33. Ne4
Rgd8 34. Rxd8 Rxd8 35. Nxc5 bxc5 36. Kf1 Rd6 37. Re7+ Rd7 38. Re4 Kb6 39. Rxc4
Kb5 40. Re4 a5 41. Re1 Kc4 42. Ra1 Kxc3 43. Rxa5 c4 44. Rc5 Rd4 45. Rc7 Rxg4
46. h3 Re4 47. Rxg7 Kxc2 48. Rf7 Re6 49. Rc7 c3 50. Kg2 Kd2 51. Rd7+ Kc1 52.
Rc7 c2 53. f4 Rb6 54. Kg3 Rb5 0-1

[Event "NED-ch 2002"]
[Site "Leeuwarden"]
[Date "2002.06.25"]
[Round "5"]
[White "Reinderman, Dimitri"]
[Black "Janssen, Ruud"]
[Result "1/2-1/2"]
[WhiteElo "2537"]
[BlackElo "2469"]
[PlyCount "55"]
[EventDate "2002.06.20"]
[Source "ChessBase"]
[SourceDate "2002.09.20"]

1. e4 c5 2. Nf3 e6 3. Nc3 Nc6 4. Bb5 Nge7 5. O-O a6 6. Bxc6 Nxc6 7. d4 cxd4 8.
Nxd4 Qc7 9. Re1 Bd6 10. Kh1 Nxd4 11. Qxd4 f6 12. Be3 b5 13. Rad1 Be5 14. Qd2
Bb7 15. Bd4 Bc6 16. Nd5 exd5 17. exd5 O-O-O 18. Bxe5 fxe5 19. dxc6 dxc6 20. Qg5
Rxd1 21. Rxd1 Rd8 22. Re1 h6 23. Qf5+ Kb7 24. h3 Rd2 25. Kg1 a5 26. Rxe5 Rxc2
27. Qxc2 Qxe5 28. Qd2 1/2-1/2

[Event "NED-ch 2002"]
[Site "Leeuwarden"]
[Date "2002.06.25"]
[Round "5"]
[White "Van der Wiel, John"]
[Black "Ernst, Sipke"]
[Result "1/2-1/2"]
[WhiteElo "2509"]
[BlackElo "2462"]
[PlyCount "62"]
[EventDate "2002.06.20"]
[Source "ChessBase"]
[SourceDate "2002.09.20"]

1. e4 e5 2. Nf3 Nf6 3. d4 Nxe4 4. Bd3 d5 5. Nxe5 Nd7 6. Qe2 Nxe5 7. Bxe4 dxe4
8. Qxe4 Be6 9. Qxe5 Qd7 10. O-O O-O-O 11. Be3 Bb4 12. c3 Bd6 13. Qa5 Bd5 14. g3
c6 15. c4 Bxc4 16. Rc1 b6 17. Qh5 Be6 18. d5 Bg4 19. dxc6 Bxh5 20. cxd7+ Kb7
21. Nd2 Rxd7 22. Nc4 Bc7 23. a4 Rhd8 24. Kg2 Rd1 25. a5 Rxc1 26. Rxc1 bxa5 27.
Nxa5+ Bxa5 28. Rc5 Bb6 29. Rxh5 Bxe3 30. fxe3 h6 31. Kf3 Kc6 1/2-1/2

[Event "NED-ch 2002"]
[Site "Leeuwarden"]
[Date "2002.06.26"]
[Round "6"]
[White "Ernst, Sipke"]
[Black "Van den Doel, Erik"]
[Result "1-0"]
[WhiteElo "2462"]
[BlackElo "2583"]
[PlyCount "123"]
[EventDate "2002.06.20"]
[Source "ChessBase"]
[SourceDate "2002.09.20"]

1. d4 d5 2. c4 dxc4 3. Nf3 e6 4. e3 c5 5. Bxc4 a6 6. O-O Nf6 7. dxc5 Qxd1 8.
Rxd1 Bxc5 9. Be2 O-O 10. Nbd2 Rd8 11. b3 b6 12. Bb2 Bb7 13. Ne5 Nbd7 14. Nd3
Be7 15. Nc4 Rac8 16. Rac1 Kf8 17. f3 b5 18. Na5 Ba8 19. e4 Nc5 20. Ne5 Ke8 21.
Kf1 Rxd1+ 22. Bxd1 Bd8 23. b4 Bxa5 24. bxa5 Bb7 25. Bd4 Ncd7 26. Rxc8+ Bxc8 27.
Nd3 Nb8 28. Nb4 Kd7 29. Bc3 Nc6 30. Nxc6 Kxc6 31. Ke2 Ne8 32. Kd3 f6 33. e5 f5
34. Bb3 Nc7 35. Kd4 Nd5 36. Bd2 Ne7 37. Bb4 Nd5 38. Bd2 Ne7 39. a3 Kc7 40. Kc5
Bd7 41. g3 Nc6 42. g4 fxg4 43. fxg4 h6 44. h4 Nd8 45. Bc2 Bc6 46. g5 hxg5 47.
Bxg5 Nb7+ 48. Kb4 Be8 49. Be4 Bc6 50. Bd3 Be8 51. Be3 Nd8 52. Bb6+ Kc8 53. Bxd8
Kxd8 54. a4 bxa4 55. Bxa6 Kc7 56. Bd3 a3 57. Kxa3 Kc6 58. Kb4 Kd5 59. Bb5 Bh5
60. a6 Bf3 61. a7 Kd4 62. Bd7 1-0

[Event "NED-ch 2002"]
[Site "Leeuwarden"]
[Date "2002.06.26"]
[Round "6"]
[White "Janssen, Ruud"]
[Black "Sokolov, Ivan"]
[Result "0-1"]
[WhiteElo "2469"]
[BlackElo "2647"]
[PlyCount "46"]
[EventDate "2002.06.20"]
[Source "ChessBase"]
[SourceDate "2002.09.20"]

1. d4 d5 2. c4 c6 3. Nf3 Nf6 4. Nc3 dxc4 5. a4 Bf5 6. Ne5 Nbd7 7. Nxc4 Nb6 8.
Ne5 a5 9. f3 Nfd7 10. e4 Bg6 11. Qb3 Nxe5 12. dxe5 e6 13. Be3 Bb4 14. Rd1 Nd7
15. Be2 Qe7 16. O-O O-O 17. Kh1 Bh5 18. Bg5 Qxg5 19. Rxd7 Rad8 20. f4 Qh4 21.
g3 Qh3 22. Rxd8 Rxd8 23. Rd1 Rd2 0-1

[Event "NED-ch 2002"]
[Site "Leeuwarden"]
[Date "2002.06.26"]
[Round "6"]
[White "Nijboer, Friso"]
[Black "Reinderman, Dimitri"]
[Result "1/2-1/2"]
[WhiteElo "2578"]
[BlackElo "2537"]
[PlyCount "93"]
[EventDate "2002.06.20"]
[Source "ChessBase"]
[SourceDate "2002.09.20"]

1. e4 c5 2. Nf3 Nc6 3. d4 cxd4 4. Nxd4 g6 5. c4 Bg7 6. Be3 Nf6 7. Nc3 O-O 8.
Be2 d6 9. O-O Bd7 10. Nc2 a6 11. f3 Rc8 12. Qd2 Ne5 13. Na3 Be6 14. Nd5 Nfd7
15. Rac1 Nc5 16. Kh1 Bxd5 17. exd5 a5 18. b3 Qb6 19. Nb5 Ra8 20. Rce1 Rfe8 21.
f4 Ned7 22. Bd1 Qd8 23. g4 Nf8 24. Bc2 Qd7 25. Rg1 b6 26. h3 Rad8 27. Qg2 e6
28. dxe6 fxe6 29. a4 d5 30. Rd1 Qe7 31. cxd5 exd5 32. Rge1 Qf7 33. Bxc5 Rxe1+
34. Rxe1 bxc5 35. f5 c4 36. Rf1 gxf5 37. Bxf5 Qe7 38. Bc2 d4 39. bxc4 d3 40.
Bd1 Ng6 41. Bf3 Nf4 42. Qd2 Ne2 43. Rd1 Qh4 44. Bg2 Ng3+ 45. Kg1 Ne2+ 46. Kh1
Ng3+ 47. Kg1 1/2-1/2

[Event "NED-ch 2002"]
[Site "Leeuwarden"]
[Date "2002.06.26"]
[Round "6"]
[White "Van Wely, Loek"]
[Black "Tiviakov, Sergei"]
[Result "1/2-1/2"]
[WhiteElo "2642"]
[BlackElo "2625"]
[PlyCount "78"]
[EventDate "2002.06.20"]
[Source "ChessBase"]
[SourceDate "2002.11.12"]

1. d4 Nf6 2. c4 e6 3. Nc3 Bb4 4. e3 O-O 5. Bd3 d5 6. Nf3 c5 7. O-O Nc6 8. a3
Bxc3 9. bxc3 dxc4 10. Bxc4 Qc7 11. Bb2 e5 12. h3 Bf5 13. Qe2 Rad8 14. Ba2 Bg6
15. Rad1 Rfe8 16. Nxe5 Nxe5 17. dxe5 Rxd1 18. Rxd1 Qxe5 19. c4 Qe7 20. Bb3 Rd8
21. f3 Rxd1+ 22. Bxd1 Nd7 23. Qd2 f6 24. Kf2 Bf7 25. Qa5 Nb6 26. Qxa7 Nxc4 27.
Bc1 Ne5 28. Bc2 c4 29. Qb8+ Be8 30. Ba4 Nd3+ 31. Kf1 Kf8 32. Bd2 Qe5 33. Qxe5
fxe5 34. Bc2 Ke7 35. e4 Ke6 36. g3 Nc5 37. Kf2 Ba4 38. Be3 Bxc2 39. Bxc5 g6
1/2-1/2

[Event "NED-ch 2002"]
[Site "Leeuwarden"]
[Date "2002.06.26"]
[Round "6"]
[White "Van der Wiel, John"]
[Black "Jonkman, Harmen"]
[Result "1-0"]
[WhiteElo "2509"]
[BlackElo "2520"]
[PlyCount "81"]
[EventDate "2002.06.20"]
[Source "ChessBase"]
[SourceDate "2002.09.20"]

1. e4 e5 2. Nf3 Nc6 3. d4 exd4 4. Nxd4 Qf6 5. Nxc6 Bc5 6. Qd2 dxc6 7. Nc3 Ne7
8. Qf4 Qe6 9. Bd3 Ng6 10. Qg3 O-O 11. O-O Qe5 12. Kh1 Qxg3 13. hxg3 b5 14. f4
f6 15. a4 b4 16. Nd1 a5 17. Be3 Bd6 18. b3 Re8 19. Nb2 Nf8 20. Nc4 Ba6 21. Rfe1
Nd7 22. Rad1 Bc5 23. Nxa5 Bxd3 24. Rxd3 Rxa5 25. Rxd7 Rxe4 26. Rd3 Kf7 27. Kg1
Bxe3+ 28. Rexe3 Rxe3 29. Rxe3 Rc5 30. Re4 Rxc2 31. Rxb4 Ke6 32. Rc4 Rxc4 33.
bxc4 c5 34. Kf2 Kd6 35. Kf3 h5 36. g4 h4 37. Ke4 g6 38. a5 c6 39. a6 Kc7 40. g5
fxg5 41. fxg5 1-0

[Event "NED-ch 2002"]
[Site "Leeuwarden"]
[Date "2002.06.27"]
[Round "7"]
[White "Jonkman, Harmen"]
[Black "Ernst, Sipke"]
[Result "0-1"]
[WhiteElo "2520"]
[BlackElo "2462"]
[PlyCount "80"]
[EventDate "2002.06.20"]
[Source "ChessBase"]
[SourceDate "2002.09.20"]

1. e4 e5 2. Nf3 Nf6 3. Nc3 Nc6 4. Bb5 Nd4 5. Bc4 Bc5 6. Nxe5 Qe7 7. Nd3 d5 8.
Nxd5 Qxe4+ 9. Ne3 Bd6 10. f3 Qh4+ 11. Nf2 O-O 12. c3 Nf5 13. Qb3 b5 14. Qxb5
Nxe3 15. dxe3 Bd7 16. Qa6 Rab8 17. Be2 Rfe8 18. Qa5 Bxh2 19. e4 h6 20. Qxa7 Qg3
21. Bd2 Rxb2 22. O-O-O Reb8 23. Nd3 R2b7 24. Qa6 Qxg2 25. Rde1 Bb5 26. Qa5 c6
27. Rxh2 Qxh2 28. Bf4 Qh4 29. Bxb8 Bxd3 30. Qd8+ Kh7 31. Qxd3 Qxe1+ 32. Bd1
Rxb8 33. e5+ g6 34. exf6 Qe5 35. Bb3 Qxf6 36. Kb2 Rd8 37. Qe3 h5 38. a4 h4 39.
f4 Kg7 40. a5 Rh8 0-1

[Event "NED-ch 2002"]
[Site "Leeuwarden"]
[Date "2002.06.27"]
[Round "7"]
[White "Reinderman, Dimitri"]
[Black "Van Wely, Loek"]
[Result "0-1"]
[WhiteElo "2537"]
[BlackElo "2642"]
[PlyCount "90"]
[EventDate "2002.06.20"]
[Source "ChessBase"]
[SourceDate "2002.09.20"]

1. e4 c5 2. Nf3 d6 3. d4 cxd4 4. Nxd4 Nf6 5. Nc3 a6 6. Bc4 e6 7. Bb3 Nc6 8. Be3
Be7 9. f4 O-O 10. Qf3 Nxd4 11. Bxd4 b5 12. Bxf6 Bxf6 13. e5 Bh4+ 14. g3 Rb8 15.
O-O-O Bb7 16. Ne4 Bxe4 17. Qxe4 d5 18. Qf3 Be7 19. f5 a5 20. c3 b4 21. Bc2 bxc3
22. f6 Rxb2 23. fxe7 Qxe7 24. Qxc3 Rxa2 25. Rhf1 Qb7 26. Qb3 Qxb3 27. Bxb3 Rc8+
28. Kb1 Rxh2 29. Ba4 g5 30. Rc1 Rxc1+ 31. Kxc1 Ra2 32. Bc2 Ra1+ 33. Bb1 Ra3 34.
Rh1 Rxg3 35. Bxh7+ Kg7 36. Kd2 d4 37. Bc2 Re3 38. Re1 Rxe1 39. Kxe1 f6 40.
exf6+ Kxf6 41. Kf2 g4 42. Kg3 Kg5 43. Bd1 d3 44. Bxg4 a4 45. Bxe6 d2 0-1

[Event "NED-ch 2002"]
[Site "Leeuwarden"]
[Date "2002.06.27"]
[Round "7"]
[White "Van den Doel, Erik"]
[Black "Janssen, Ruud"]
[Result "1-0"]
[WhiteElo "2583"]
[BlackElo "2469"]
[PlyCount "85"]
[EventDate "2002.06.20"]
[Source "ChessBase"]
[SourceDate "2002.09.20"]

1. e4 c5 2. Nf3 d6 3. d4 cxd4 4. Nxd4 Nf6 5. Nc3 a6 6. Be3 e6 7. g4 e5 8. Nf5
g6 9. g5 gxf5 10. exf5 d5 11. Qe2 Bb4 12. gxf6 Bxc3+ 13. bxc3 Bxf5 14. O-O-O
Nc6 15. Bg2 Qa5 16. Bxd5 Qxc3 17. Qc4 Qxc4 18. Bxc4 Rg8 19. Rhg1 Rg6 20. h4 Rd8
21. h5 Rg4 22. Be2 Rxd1+ 23. Rxd1 Ra4 24. Rg1 Rxa2 25. Rg5 Be4 26. Bg4 Bg6 27.
hxg6 hxg6 28. Bf3 Ra5 29. Bxc6+ bxc6 30. Bd4 Kd7 31. Rxe5 Rxe5 32. Bxe5 Ke6 33.
Bb2 Kd5 34. Kd2 Ke4 35. Ke2 a5 36. f3+ Kf4 37. Kf2 a4 38. c4 g5 39. c5 Kf5 40.
Ke3 a3 41. Bxa3 Kxf6 42. Ke4 Ke6 43. Bc1 1-0

[Event "NED-ch 2002"]
[Site "Leeuwarden"]
[Date "2002.06.28"]
[Round "8"]
[White "Ernst, Sipke"]
[Black "Janssen, Ruud"]
[Result "1-0"]
[WhiteElo "2462"]
[BlackElo "2469"]
[PlyCount "70"]
[EventDate "2002.06.20"]
[Source "ChessBase"]
[SourceDate "2002.09.20"]

1. d4 Nf6 2. c4 e6 3. g3 c5 4. Nf3 cxd4 5. Nxd4 Nc6 6. Nc3 Bc5 7. Nb3 Bb4 8.
Bg2 b6 9. O-O Ba6 10. Nb5 Rc8 11. Bf4 d5 12. N3d4 Nxd4 13. Nxd4 O-O 14. Qa4 Ba5
15. Rac1 dxc4 16. Nc6 Qd7 17. Rfd1 Nd5 18. e4 Qxc6 19. Qxc6 Rxc6 20. exd5 exd5
21. Rxd5 c3 22. Rdd1 Rcc8 23. bxc3 Bc4 24. Rd7 Bxa2 25. Rxa7 Be6 26. Be5 Rfd8
27. h4 f6 28. Bf4 Rxc3 29. Re1 Rd7 30. Rxe6 Rxa7 31. Bd5 g5 32. hxg5 Kg7 33.
gxf6+ Kg6 34. Rd6 h5 35. f7+ Kg7 1-0

[Event "NED-ch 2002"]
[Site "Leeuwarden"]
[Date "2002.06.28"]
[Round "8"]
[White "Jonkman, Harmen"]
[Black "Tiviakov, Sergei"]
[Result "0-1"]
[WhiteElo "2520"]
[BlackElo "2625"]
[PlyCount "98"]
[EventDate "2002.06.20"]
[Source "ChessBase"]
[SourceDate "2002.09.20"]

1. e4 c5 2. c3 d5 3. exd5 Qxd5 4. d4 e6 5. Nf3 Nf6 6. Be3 cxd4 7. cxd4 Nc6 8.
Nc3 Qd6 9. a3 Be7 10. Bd3 b6 11. O-O Bb7 12. Qe2 O-O 13. Rad1 Rad8 14. Bb1 Rfe8
15. Rfe1 Qb8 16. b4 g6 17. h3 Bf8 18. Bg5 Bg7 19. Ba2 h6 20. Bxf6 Bxf6 21. Ne4
Bg7 22. d5 exd5 23. Bxd5 Nd4 24. Rxd4 Bxd5 25. Rxd5 Rxd5 26. Nf6+ Bxf6 27.
Qxe8+ Qxe8 28. Rxe8+ Kg7 29. Ra8 Rd1+ 30. Kh2 Rd7 31. b5 Bb2 32. a4 Kf6 33. Re8
Ba3 34. g4 Re7 35. Ra8 Bc5 36. Kg3 Re2 37. Rxa7 Bxf2+ 38. Kg2 Bc5+ 39. Kh1 Rf2
40. g5+ hxg5 41. Nh2 Ra2 42. Ng4+ Ke6 43. Nh6 f6 44. Ra8 f5 45. Rc8 Kf6 46. Rc7
Rxa4 47. Rf7+ Ke5 48. Rg7 Kf4 49. Rxg6 Kf3 0-1